<?xml version="1.0" encoding="UTF-8"?>
<record
    xmlns:xsi="http://www.w3.org/2001/XMLSchema-instance"
    xsi:schemaLocation="http://www.loc.gov/MARC21/slim http://www.loc.gov/standards/marcxml/schema/MARC21slim.xsd"
    xmlns="http://www.loc.gov/MARC21/slim">

  <leader>01127nam a22002297a 4500</leader>
  <controlfield tag="005">20240627122952.0</controlfield>
  <controlfield tag="008">240627b        mx ||||| |||| 00| 0 spa d</controlfield>
  <datafield tag="050" ind1="0" ind2="4">
    <subfield code="a">KGF409 </subfield>
    <subfield code="b">R48 1897</subfield>
  </datafield>
  <datafield tag="245" ind1="0" ind2="0">
    <subfield code="a">Revisi&#xF3;n del proyecto de codigo civil mexicano del doctor D. Justo Sierra </subfield>
    <subfield code="c"> / por la Comisi&#xF3;n formada de los se&#xF1;ores Ministro de Justica Lic. D. Jes&#xFA;s Ter&#xE1;n (presidente), vocales Lics. D. Jos&#xE9; Mar&#xED;a Lacunza, D. Fernando Ram&#xED;rez, D. Pedro Escudero y Echanove y D. Luis M&#xE9;ndez (Secretario), durante los a&#xF1;os de 1861 &#xE1; 1866.</subfield>
  </datafield>
  <datafield tag="250" ind1=" " ind2=" ">
    <subfield code="a">1a ed. </subfield>
  </datafield>
  <datafield tag="260" ind1=" " ind2=" ">
    <subfield code="a">M&#xE9;xico : </subfield>
    <subfield code="b">Talleres de la librer&#xED;a religiosa, </subfield>
    <subfield code="c">1897</subfield>
  </datafield>
  <datafield tag="300" ind1=" " ind2=" ">
    <subfield code="a">tomos : </subfield>
    <subfield code="b">23 cm. </subfield>
  </datafield>
  <datafield tag="500" ind1=" " ind2=" ">
    <subfield code="a">"La Ciencia jur&#xED;dica.' Revista y biblioteca quincenal de doctrina, jurisprudencia y ciencias anexas."</subfield>
  </datafield>
  <datafield tag="650" ind1=" " ind2="7">
    <subfield code="2">lemb</subfield>
    <subfield code="a">Derecho civil</subfield>
    <subfield code="z">M&#xE9;xico</subfield>
  </datafield>
  <datafield tag="650" ind1=" " ind2="7">
    <subfield code="2">lemb</subfield>
    <subfield code="a">Reforma legal </subfield>
    <subfield code="z">M&#xE9;xico</subfield>
  </datafield>
  <datafield tag="700" ind1="1" ind2=" ">
    <subfield code="a">Ter&#xE1;n, Jes&#xFA;s D., </subfield>
    <subfield code="d"> -1866</subfield>
  </datafield>
  <datafield tag="700" ind1="1" ind2=" ">
    <subfield code="a">Lacunza, Jos&#xE9; Mar&#xED;a,</subfield>
    <subfield code="d">1809-1869</subfield>
  </datafield>
  <datafield tag="700" ind1="1" ind2=" ">
    <subfield code="a">Ram&#xED;rez, Jos&#xE9; Fernando,</subfield>
    <subfield code="d">1804-1871</subfield>
  </datafield>
  <datafield tag="700" ind1="1" ind2=" ">
    <subfield code="a">Escudero y Echanove, Pedro,</subfield>
    <subfield code="d">-1897</subfield>
  </datafield>
  <datafield tag="700" ind1="1" ind2=" ">
    <subfield code="a">M&#xE9;ndez, Luis,</subfield>
    <subfield code="d">1832-1909</subfield>
  </datafield>
  <datafield tag="942" ind1=" " ind2=" ">
    <subfield code="2">lcc</subfield>
    <subfield code="c">LIB</subfield>
  </datafield>
  <datafield tag="999" ind1=" " ind2=" ">
    <subfield code="c">170500</subfield>
    <subfield code="d">170498</subfield>
  </datafield>
  <datafield tag="952" ind1=" " ind2=" ">
    <subfield code="1">0</subfield>
    <subfield code="2">lcc</subfield>
    <subfield code="4">0</subfield>
    <subfield code="7">0</subfield>
    <subfield code="a">INV-033</subfield>
    <subfield code="b">INV-033</subfield>
    <subfield code="c">FA</subfield>
    <subfield code="d">2024-06-27</subfield>
    <subfield code="e">DON</subfield>
    <subfield code="f">1a ed. </subfield>
    <subfield code="h">T. I</subfield>
    <subfield code="i">H</subfield>
    <subfield code="k">CSA</subfield>
    <subfield code="l">0</subfield>
    <subfield code="o">KGF409 R48 1897</subfield>
    <subfield code="p">IIH000036658</subfield>
    <subfield code="r">2024-06-27 13:31:29</subfield>
    <subfield code="t">1</subfield>
    <subfield code="v">1.00</subfield>
    <subfield code="y">LIB</subfield>
  </datafield>
</record>
